00525nam a2200169Ia 4500008004100000050001100041050001500052100002700067245002600094245003300120245002500153260001800178260000900196300001600205999001900221952011500240160319s9999 xx 000 0 und d a920.71 bR627f 2003 a Guerrero, Leon Maria. 4aThe First Filipino :  ba biography of Jose Rizal /  cLeon Maria Guerrero. bBookmark Inc. c1997 a448 pages : c292241d292241 001040aSSISBbSSISBcFILd2016-03-19l0oFil 920.71 R627f 2003pUS 0372r2016-03-19 00:00:00w2016-03-19yBK